Tájékoztató irodalom

Elmentve itt :
Bibliográfiai részletek
Dokumentumtípus: Könyv része
Megjelent: 2014
Sorozat:Documenta Historica
Beszéd az antiochiaiak ellen, avagy a Szakállgyűlölő (Or. XII.)
Kulcsszavak:Történettudomány - bibliográfia
Tárgyszavak:
Online Access:http://acta.bibl.u-szeged.hu/36326
LEADER 00707naa a2200205 i 4500
001 acta36326
005 20211209131718.0
008 161017s2014 hu o 0|| hun d
022 |a 1216-0954 
040 |a SZTE Egyetemi Kiadványok Repozitórium  |b hun 
041 |a hun 
245 0 0 |a Tájékoztató irodalom  |h [elektronikus dokumentum] 
260 |c 2014 
300 |a 78-79 
490 0 |a Documenta Historica 
490 0 |a Beszéd az antiochiaiak ellen, avagy a Szakállgyűlölő (Or. XII.) 
650 4 |a Bölcsészettudományok 
650 4 |a Történettudomány és régészet 
695 |a Történettudomány - bibliográfia 
856 4 0 |u http://acta.bibl.u-szeged.hu/36326/1/doc_093_078-079.pdf  |z Dokumentum-elérés